10 to 1: Winter Quiz Stats

 Plays Quiz Updated Jan 3, 2019

Support Sporcle.
Go Orange.
Score 0/55 Timer 07:00
27 Plays Today
% Correct
Figure Skating
94%
Cross-Country Skiing
93.9%
Ice Hockey
90.3%
Snowboarding
90.2%
Curling
87.7%
Bobsleigh
87.6%
Hot Chocolate
87.2%
Irish Coffee
86.2%
Espresso
85.8%
Blizzard
84.8%
Tea
84.3%
Hot Toddy
84.3%
Hot Buttered Rum
83.7%
Wind Chill
83.3%
Frost
83.2%
Sne
82.4%
Mulled Wine
82.2%
Thundersnow
81.7%
White Out
81.6%
Synchronized Skating
81.6%
Gloves
81.1%
Dog Sled Racing
81.1%
Boots
80.9%
Sneeuw
79.9%
Biathlon
79.9%
Earmuffs
79.3%
Snowshoeing
79.2%
Scarves
78.8%
% Correct
Nieve
78%
Polar Vortex
77.3%
St. Valentine's Day
77.2%
Winter Pentathlon
77.1%
Ski Ballet
76.8%
Neige
75.8%
St. Patrick's Day
75.2%
Martin Luther King Jr. Day
74.8%
Luge
74%
Mittens
72.1%
La Neve
70.6%
Nix
68.7%
New Years Day
68.4%
Sake
68.3%
Presidents' Day
67.6%
Grog
67.2%
Galoshes
67.1%
Kar
66.1%
Nordic Combined
65.2%
Skeleton
64.5%
Theluji
60.1%
Chamonix
59.2%
Christmas
52.2%
Crampons
43.8%
Toque
38.9%
Graupel
23.1%
Bandy
19.3%

From the Vault

Author by Alliteration

by Propellerhead

Do alliterative authors apply a lot of alliterative action with their lofty lexicons?
Remove Ads.
Support Sporcle.
Get the best of Sporcle when you Go Orange. This ad-free experience offers more features, more stats, and more fun while also helping to support Sporcle. Thank you for becoming a member.

Show Comments

Extras

Top Quizzes Today


Score Distribution

Your Account Isn't Verified!

In order to create a playlist on Sporcle, you need to verify the email address you used during registration. Go to your Sporcle Settings to finish the process.

Report this User

Report this user for behavior that violates our Community Guidelines.

Details: